Flora of the cangas of the Serra dos Carajás, Pará, Brazil: Linderniaceae (Registro n. 330986)
[ somente texto ]
| 000 -LÍDER | |
|---|---|
| fixed length control field | 01984nab a2200241 i 4500 |
| 003 - CÓDIGO MARC DA AGÊNCIA CATALOGADORA | |
| Campo de controle | BR-BrBNA |
| 005 - DATA E HORA DA ÚLTIMA ATUALIZAÇÃO | |
| Campo de controle | 20250411103606.0 |
| 008 - CAMPO DE TAMANHO FIXO | |
| fixed length control field | 250411b2016 bl.qr|pooa||| 00| 0 eng | |
| 040 ## - FONTE DA CATALOGAÇÃO | |
| Agência catalogadora | BR-BrBNA |
| Idioma da catalogação | eng |
| 072 ## - CATEGORIA AGRIS | |
| Código AGRIS | F70 |
| 100 ## - ENTRADA PRINCIPAL - NOME PESSOAL | |
| Nome pessoal | Scatigna, André Vito |
| 100 ## - ENTRADA PRINCIPAL - NOME PESSOAL | |
| Nome pessoal | Mota, Nara Furtado de Oliveira |
| 245 ## - TÍTULO PRINCIPAL | |
| Título principal | Flora of the cangas of the Serra dos Carajás, Pará, Brazil: Linderniaceae |
| 500 ## - NOTA GERAL | |
| Nota geral | Publicação on-line; 6 ref.; 2 illus.; Summaries (En, Pt) |
| 942 ## - ADDED ENTRY ELEMENTS (KOHA) | |
| Koha item type | Analítica |
| 520 ## - NOTA DE RESUMO | |
| Nota de conteúdo | <br/><br/>Abstract<br/><br/>This is a taxonomic study of the species of Linderniaceae from the cangas of the Serra dos Carajás, state of<br/>Pará, Brazil. Three species of Lindernia were recorded: L. brachyphylla, L. crustacea and L. diffusa, the first<br/>being restricted to South America and the two others with pantropical distribution. Here we present detailed<br/>descriptions, illustrations, photographs and notes on morphology, distribution and phenology of these species.<br/><br/>Key words: Canga, FLONA Carajás, Scrophulariaceae, taxonomy.<br/><br/><br/><br/><br/>Resumo<br/><br/>Este é um estudo taxonômico das espécies de Linderniaceae das cangas da Serra dos Carajás, no estado do<br/>Pará, Brasil. Foram registradas três espécies de Lindernia: L. brachyphylla, L. crustacea e L. diffusa, sendo<br/>a primeira restrita à América do Sul e as demais de distribuição Pantropical. Aqui, apresentamos descrições<br/>detalhadas, ilustrações, fotografias e comentários sobre morfologia, distribuição e fenologia destas espécies.<br/><br/>Palavras-chave: Canga, FLONA Carajás, Scrophulariaceae, taxonomia. |
| 650 ## - ASSUNTO - THESAGRO | |
| Cabeçalho tópico ou nome geográfico | CARAJÁS |
| 650 ## - ASSUNTO - THESAGRO | |
| Cabeçalho tópico ou nome geográfico | TAXONOMIA |
| 650 ## - ASSUNTO - THESAGRO | |
| Cabeçalho tópico ou nome geográfico | ESPÉCIE |
| 773 0# - ENTRADA ANALÍTICA | |
| Host Biblionumber | 709 |
| Registro do item | 349694 |
| Imprenta | Rio de Janeiro-RJ Jardim Botanico do Rio de Janeiro 1935 |
| Outro identificador | 2025-2214 |
| Título | Rodriguésia (Brazil) |
| ISSN | 0370-6583; 2175-7860 on-line |
| Colação | v. 67(5 special number) p. 1399-1403; (2016) |
| Número de controle de registro | BR2025000326 |
| 856 ## - ACESSO E ENDEREÇO ELETRÔNICO | |
| Identificador uniforme de recurso - URI | https://www.scielo.br/j/rod/a/pZ7ySYNDHFM89WN89vRxsKd/?format=pdf&lang=en |
Nenhum exemplar disponível.

BINAGRI